000 00701nam a2200265Ia 4500
005 20260302115019.0
008 008 260114s9999 xx 000 0 eng d
020 _a9781474219655
037 _aTextbook
040 _aCRL
040 _beng
040 _cCRL
041 _2eng
041 _aeng
084 _qCRL
100 _aCatherine Morley
_91120445
245 0 _a09/11 Topics in Contemporary North American Literature
260 _bBloomsbury
260 _bBloomsbury Academic
260 _c2016
650 _aLiterary Studies
856 _uhttps://dx.doi.org/10.5040/9781474219655?locatt=label:secondary_bloomsburyCollections
942 _cEBOOK
999 _c1684645
_d1684645